Statistics for Biggest Cities on the Persian Gulf

Click here to take the quiz!

General Stats

  • This quiz has been taken 49 times
  • The average score is 6 of 10

Answer Stats

Population City % Correct
2,415,000Dubai
98%
2,779,000Kuwait City
95%
1,145,000Abu Dhabi
93%
718,000Doha
83%
411,000Manama
71%
1,064,000Dammam
52%
1,279,000Sharjah
43%
483,000Bandar Abbas
29%
323,000Ajman
12%
488,000Jubail
5%

Score Distribution

Percentile by Number Answered

Percent of People with Each Score

Your Score History

You have not taken this quiz